书目信息 |
| 题名: |
养生豆浆一本就够
|
|
| 作者: | 甘智荣 主编 | |
| 分册: | ||
| 出版信息: | 南京 江苏凤凰科学技术出版社 2015.10 |
|
| 页数: | 160页 | |
| 开本: | 26cm | |
| 丛书名: | ||
| 单 册: | ||
| 中图分类: | TS214.2 | |
| 科图分类: | ||
| 主题词: | 粮食加工--食品工业 , 粮食加工 | |
| 电子资源: | ||
| ISBN: | 978-7-5537-4255-7 | |
| 000 | 00590nam0 2200193 450 | |
| 001 | 528 | |
| 005 | 20160906082853.95 | |
| 010 | @a978-7-5537-4255-7@dCNY29.80 | |
| 100 | @a20160722d2015 km y0chiy0120 ea | |
| 101 | 0 | @achi |
| 200 | 1 | @a养生豆浆一本就够@Ayang sheng dou jiang yi ben jiu gou@f甘智荣主编@Fgan zhi rong zhu bian |
| 210 | @a南京@c江苏凤凰科学技术出版社@d2015.10 | |
| 215 | @a160页@d26cm | |
| 606 | 0 | @a粮食加工@x食品工业 |
| 606 | 0 | @a粮食加工 |
| 690 | @aTS214.2@v4 | |
| 701 | 0 | @a甘智荣@Agan zhi rong@4主编 |
| 801 | 0 | @aCN@b唐山师范学院图书馆@c20160722 |
| 905 | @aZUCC@dTS214.2@e204 | |
| 养生豆浆一本就够/甘智荣主编.-南京:江苏凤凰科学技术出版社,2015.10 |
| 160页;26cm |
| ISBN 978-7-5537-4255-7:CNY29.80 |
| ● |
| 相关链接 |
|
|
|
|
正题名:养生豆浆一本就够
索取号:TS214.2/204
 
预约/预借
| 序号 | 登录号 | 条形码 | 馆藏地/架位号 | 状态 | 备注 |
| 1 | 902261 | 209022617 | 第二样本阅览室/ [索取号:TS214.2/204] | 在馆 | |
| 2 | 902262 | 209022626 | 第三借阅区/ [索取号:TS214.2/204] | 在馆 | |
| 3 | 902263 | 209022635 | 第三借阅区/ [索取号:TS214.2/204] | 在馆 |